लाेकतान्त्रिक जनआन्दाेलन : (Record no. 121130)
[ view plain ]
| 000 -LEADER | |
|---|---|
| fixed length control field | 00834nam a22001577a 4500 |
| 008 - FIXED-LENGTH DATA ELEMENTS--GENERAL INFORMATION | |
| fixed length control field | 250328b |||||||| |||| 00| 0 eng d |
| 082 ## - DEWEY DECIMAL CLASSIFICATION NUMBER | |
| Edition number | 23rd. |
| Classification number | N321.094 |
| Item number | J377 |
| 241 ## - ROMANIZED TITLE (BK AM CF MP MU VM) | |
| Romanized title | Loktantrik janaandolan : smarika. |
| 245 ## - TITLE STATEMENT | |
| Title | लाेकतान्त्रिक जनआन्दाेलन : |
| Remainder of title | स्मारिका / |
| Statement of responsibility, etc. | सम्पा. केदारनरसिंह के.सी. |
| 260 ## - PUBLICATION, DISTRIBUTION, ETC. | |
| Place of publication, distribution, etc. | [s.l.] : |
| Name of publisher, distributor, etc. | जनआन्दाेलनका शहीद परिवार तथा घाइते समन्वय केन्द्रीय समिति, |
| Date of publication, distribution, etc. | २०६४वि. |
| 300 ## - PHYSICAL DESCRIPTION | |
| Extent | xiii, 224p. : ill. |
| 650 ## - SUBJECT ADDED ENTRY--TOPICAL TERM | |
| Topical term or geographic name entry element | जनआन्दाेलन |
| 9 (RLIN) | 37234 |
| 650 ## - SUBJECT ADDED ENTRY--TOPICAL TERM | |
| Topical term or geographic name entry element | लाेकतन्त्र |
| 700 ## - ADDED ENTRY--PERSONAL NAME | |
| Personal name | के.सी., केदारनरसिंह (सम्पा.) |
| 942 ## - ADDED ENTRY ELEMENTS (KOHA) | |
| Source of classification or shelving scheme | Dewey Decimal Classification |
| Koha item type | General Collections |
| Withdrawn status | Lost status | Source of classification or shelving scheme | Damaged status | Not for loan | Home library | Current library | Shelving location | Date acquired | Total Checkouts | Full call number | Barcode | Date last seen | Price effective from | Koha item type |
|---|---|---|---|---|---|---|---|---|---|---|---|---|---|---|
| Dewey Decimal Classification | Tribhuvan University Central Library | Tribhuvan University Central Library | New Building | 03/28/2025 | N321.094 J377 | G89896 | 03/28/2025 | 03/28/2025 | General Collections |
